Cams and cam mechanisms /

Bibliographic Details
Corporate Author: Institution of Mechanical Engineers (Great Britain)
Other Authors: Jones, J. Rees (John Rees)
Format: Book
Language:English
Published: London; Birmingham, Ala. : published by Mechanical Engineering Publications for the Institution of Mechanical Engineers, [publisher not identified] ; 1978.
Subjects:

MARC

Tag First Indicator Second Indicator Subfields
LEADER 00000cam a2200000 i 4500
001 in00000665387
005 20151015083017.0
008 780930s1978 enka b 00000 eng d
020 |a 0852983611 
035 |a (OCoLC)04256005 
035 |9 ACX9911AM 
040 |a UPM  |c UPM  |d TXA  |d UtOrBLW 
049 |a TXAM  |c [444143] 
090 |a TJ206  |b .C35 
245 0 0 |a Cams and cam mechanisms /  |c edited by J. Rees Jones. 
264 1 |a London;  |b [publisher not identified] ;  |a Birmingham, Ala. : published by Mechanical Engineering Publications for the Institution of Mechanical Engineers,  |c 1978. 
300 |a vii, 153 pages :  |b illustrations ;  |c 31 cm. 
336 |a text  |b txt  |2 rdacontent 
337 |a unmediated  |b n  |2 rdamedia 
338 |a volume  |b nc  |2 rdacarrier 
504 |a Includes bibliographies. 
650 0 |a Cams. 
700 1 |a Jones, J. Rees  |q (John Rees) 
710 2 |a Institution of Mechanical Engineers (Great Britain) 
999 |a MARS 
999 f f |s 82a0678b-913a-335e-b616-31181fe7a79a  |i a6d78cd4-53a5-3b68-a498-11c6510c73c2  |t 0 
952 f f |p ric  |a Texas A&M University  |b Rellis Campus  |c Joint Library Facility  |d Remote Storage  |t 0  |e TJ206 .C35  |h Library of Congress classification  |i unmediated -- volume  |m A14805429353 
998 f f |a TJ206 .C35  |t 0  |l Remote Storage